Competencias de la dirección de personas: un análisis desde la alta demanda

Guardat en:
Dades bibliogràfiques
Autors principals: Quintanilla, Javier (Autor), Sánchez-Runde, Carlos (Autor), Cardona, Pablo (Autor)
Format: Llibre
Idioma:espanyol
Publicat: Madrid Pearson Educación 2004
Matèries:
Etiquetes: Afegir etiqueta
Sense etiquetes, Sigues el primer a etiquetar aquest registre!

MARC

LEADER 00000nam a2200000 a 4500
001 UCK9686
003 CL-VaPUC
008 060519e20040000SP |||||||||||||||||spa|d
020 |a 8420543020 
082 0 4 |a 658  |b QUI  |2 21 
100 0 |a Quintanilla, Javier  |e author  |9 499498 
700 0 |a Sánchez-Runde, Carlos  |e author  |9 499499 
700 0 |a Cardona, Pablo  |e author  |9 499500 
245 1 0 |a Competencias de la dirección de personas: un análisis desde la alta demanda 
300 |a 127 p 
942 |c BK 
945 |d 20060519 00:00:00  |a jtorresc 
260 |a Madrid  |b Pearson Educación  |c 2004 
650 0 |a Administración de empresas   |9 260833 
650 0 |a Organización  |9 256369 
650 0 |a Dirección de personal  |9 402415 
650 0 |a Liderazgo  |9 271835 
650 0 |a Recursos humanos   |9 228420 
650 7 |a PLANIFICACION  |2 CL-VaPUC  |9 260802 
583 |a last modification  |c 20060519 00:00:00  |k Rodrigo Vera 
999 |c 316754  |d 316752 
952 |0 0  |1 0  |4 0  |6 658_000000000000000_QUI_2004  |7 0  |8 A  |9 391743  |a BIBENE  |b BIBENE  |d 2019-11-22  |i 4230728  |o 658 QUI 2004  |p 4230728  |r 2025-01-15  |w 2019-11-22  |y BK  |k ICO